| 000 -LEADER |
| fixed length control field |
00697nam a22001577a 4500 |
| 008 - FIXED-LENGTH DATA ELEMENTS--GENERAL INFORMATION |
| fixed length control field |
231016b ||||| |||| 00| 0 eng d |
| 100 ## - MAIN ENTRY--PERSONAL NAME |
| Personal name |
Yadav, Sajjan Singh |
| 245 ## - TITLE STATEMENT |
| Title |
Unity malls |
| 260 ## - PUBLICATION, DISTRIBUTION, ETC. (IMPRINT) |
| Place of publication, distribution, etc |
Yojana |
| 300 ## - PHYSICAL DESCRIPTION |
| Extent |
67(10), Oct, 2023: p.41-46 |
| 520 ## - SUMMARY, ETC. |
| Summary, etc |
Unity-malls a unique initiative of the government of India, is poised to play pivotal roles in fostering economic development, providing citizens with recreational spaces, enhancing tourism, and celebrating the rich cultural heritage of our diverse and unique nation. – Reproduced
|
| 650 ## - SUBJECT ADDED ENTRY--TOPICAL TERM |
| Topical term or geographic name as entry element |
Recreational spaces, Tourism, Cultural heritage |
| 9 (RLIN) |
44157 |
| 773 ## - HOST ITEM ENTRY |
| Main entry heading |
Yojana |
| 906 ## - LOCAL DATA ELEMENT F, LDF (RLIN) |
| Subject DIP |
TOURISM |
| 942 ## - ADDED ENTRY ELEMENTS (KOHA) |
| Item type |
Articles |